000 00388nam a2200169Ia 4500
003 OSt
005 20240318120255.0
008 170619s9999 xx 000 0 und d
020 _a9788122417500
040 _cIIMT ENGINEERING COLLEGE
100 _aSINGH OMKAR
245 0 _aENGINEERING THERMODYNAMICS
260 _bNew Age
260 _c2009
546 _aENGLISH
942 _2ddc
_c02
999 _c19029
_d19029